ბათუმის შოთა რუსთაველის სახელმწიფო უნივერსიტეტის ბიბლიოთეკა

ფილოსოფიის ისტორიის ნარკვევები : (ბიბ.ჩანაწერი № 53626)

000 -ლიდერი
ფიქსირებული სიგრძის საკონტროლო ველი 01080nam a2200253Ia 4500
001 - საკონტროლო ნომერი
საკონტროლო ველი 20673
003 - საკონტროლო ნომრის იდენტიფიკატორი
საკონტროლო ველი GE_BSU
005 - ბოლო ოპერაციის თარიღი და დრო
საკონტროლო ველი 20210301194126.0
008 - ფიქსირებული სიგრძის მონაცემთა ელემენტები - ზოგადი ინფორმაცია
ფიქსირებული სიგრძის საკონტროლო ველი 181216s1999||||ge |||||||||||||| ||geo||
020 ## - წიგნის საერთაშორისო სტანდარტული ნომერი
International Standard Book Number 99928-43-07-01
040 ## - კატალოგიზაციის წყარო
Transcribing agency GE_BSU
041 ## - ენის კოდი
Language code of text/sound track or separate title geo
080 ## - უნივერსალური ათობითი კლასიფიკაციის ინდექსი
Universal Decimal Classification number 1(09)(042.4) თ-41
100 ## - მთავარი ჩანაწერი - პიროვნების სახელი
Personal name თებიძე, თამაზ
9 (RLIN) 6133
245 ## - ცნობა სათაურის შესახებ
Title ფილოსოფიის ისტორიის ნარკვევები :
Remainder of title ლექციების კურსი /
Statement of responsibility, etc თამაზ თებიძე ; რედ. შოთა ჯაფარიძე.
264 ## - წარმოების, გამოცემის, დისტრიბუციის და სხვა ცნობები
გამოცემის, წარმოების, დისტრიბუციის... ადგილი ბათუმი :
გამოცემის, წარმოების, დისტრიბუციის... სახელწოდება ალიონი,
გამოცემის, წარმოების, დისტრიბუციის... თარიღი 1999.
300 ## - ფიზიკური აღწერა
Extent 287 გვ. ; 20 სმ.
504 ## - BIBLIOGRAPHY, ETC. NOTE
Bibliography, etc ბიბლიოგრ. : გვ. 280-284
653 ## - INDEX TERM--UNCONTROLLED
Uncontrolled term ფილოსოფია
653 ## - INDEX TERM--UNCONTROLLED
Uncontrolled term ფილოსოფიის ისტორია
653 ## - INDEX TERM--UNCONTROLLED
Uncontrolled term ფილოსოფიის ისტორიის ნარკვევები
700 ## - ADDED ENTRY--PERSONAL NAME
Personal name ჯაფარიძ, შოთა
Relator term რედაქტორი
9 (RLIN) 10278
942 ## - ADDED ENTRY ELEMENTS (KOHA)
Koha item type წიგნი
Source of classification or shelving scheme
ეგზემპლარები
ჩამოწერის სტატუსი დაკარგული ეგზემპლარის სტატუსი კლასიფიკაციის წყარო ან თაროზე გაწყობის სქემა დაზიანების სტატუსი არ გაიცემა მუდმივი მდებარეობა (დაცვის ადგილი) ამჟამინდელი ადგილსამყოფელი თაროზე განთავსების ადგილი შეძენის თარიღი სრული შენახვის შიფრი შტრიხკოდი ბოლო ოპერაციის თარიღი ეგზემპლარის მიმდევრობითი ნომერი (კეტერი?) ფასის ძალაში შესვლის თარიღი ეგზემპლარის სახეობა
          ბათუმის შოთა რუსთაველის სახელმწიფო უნივერსიტეტის მთავარი ბიბლიოთეკა ბათუმის შოთა რუსთაველის სახელმწიფო უნივერსიტეტის მთავარი ბიბლიოთეკა წიგნსაცავი 2018-12-17 1(09)(042.4) თ-41 53926 2018-12-17 53926 2018-12-17 წიგნი